Contabilidad general Enfoque NIIF para pymes /

Detalles Bibliográficos
Autor principal: Fierro Martn̕ez, ℓngel Mara̕
Otros Autores: Fierro Celis, Fernando Adolfo, Fierro Celis, Francy Milena
Formato: eBook
Lenguaje:español
Publicado: Bogot:̀ Ediciones de la U, 2021
Materias:
Acceso en línea:Acceso restringido

MARC

LEADER 00000nam a22000007a 4500
005 2021071606076.0
007 cr|||| ||||
008 210716s2021 co |||||s|||| 00||0 spa d
020 |a 978-958-792-237-0 
035 |a 33345 
040 |a vLex 
090 |c 11856  |d 11856 
100 1 |a Fierro Martn̕ez, ℓngel Mara̕ 
245 1 0 |a Contabilidad general  |h [Recurso electrn̤ico] :  |b Enfoque NIIF para pymes /  |c ℓngel Mara̕ Fierro Martn̕ez, Fernando Adolfo Fierro Celis, Francy Milena Fierro Celis 
256 |a Servicio en ln̕ea 
260 |a Bogot:̀  |b Ediciones de la U,  |c 2021 
300 |a 1 recurso electrn̤ico 
500 |a La contabilidad de una empresa es la base de las decisiones que los dueǫs y posibles inversionistas toman, porque estǹ interesados en hacer nuevas inversiones, por consiguiente, debe tener las caracters̕ticas de una contabilidad bajo estǹdares internacionales de informacin̤ financiera, con sus debidas certificaciones para tomar confianza necesaria. El enfoque de este libro son las pymes, pues el reciente estudio de Economiaaplicada.co da cuenta que solo el 4 por mil son grandes empresas, el 6.7% son pymes y el resto microempresas. El libro muestra que la contabilidad multiprops̤ito fundamentada en el reconocimiento inicial de los hechos econm̤icos de un negocio, al costo y posteriormente aquellos que lo requieran, un reconocimiento a valor razonable, de donde resultan las diferencias entre lo contable y lo fiscal que no tienen reconocimiento en la base fiscal para la determinacin̤ del impuesto de renta, sino en el momento que cumpla con los presupuestos del Estatuto Tributario. Adems̀, tambiň contiene el texto: la definicin̤ de la contabilidad, las caracters̕ticas de las pequeąs y medianas entidades, los conceptos y principios generales de la contabilidad, los conceptos mercantiles, el ciclo contable, y los grandes conceptos de activos, pasivos, patrimonio, estado de resultados y estado de rendimiento financiero integral para llegar al balance general y luego en taxonoma̕ NIIF 2018 al estado de situacin̤ financiera. 
506 1 |a Disponible solo en los productos indicados  |d vLex Global  |d vLex Global (Academic Edition, excluding Law Schools)  |d vLex Global (U.S. Academic Edition, Law Schools)  |d vLex Global (U.S. Academic Edition, excluding Law Schools)  |d vLex Global (Academic Edition, Law Schools) 
650 0 4 |a Contabilidad  |z Colombia 
700 1 |a Fierro Celis, Fernando Adolfo 
700 1 |a Fierro Celis, Francy Milena 
740 0 |a vLex Libros (Servicio en ln̕ea) 
856 4 0 |u https://vlex.com/source/contabilidad-general-enfoque-niif-para-pymes-33345  |z Acceso restringido 
942 |c BOOK 
999 0 |a Accounting